[Event "26.Off.Bayer.Senioren-EM 2014"]
[Site "Bergen"]
[Date "2014.06.21"]
[Round "1.27"]
[White "Willin, Bernhard"]
[Black "Garms, Ilse"]
[Result "1-0"]
[WhiteElo "1807"]
[BlackElo "1532"]
[PlyCount "77"]
[EventDate "2014.??.??"]
[WhiteTeam "SC Horben"]
[BlackTeam "ESV 1949 Eberswalde e.V."]

1. c4 e5 2. Nc3 c6 3. Nf3 d6 4. d4 exd4 5. Qxd4 Nf6 6. e4 Be7 7. h3 Na6 8. Bd3
Be6 9. Ne2 Nb4 10. Bb1 c5 11. Qd1 Bxc4 12. O-O Bxe2 13. Qxe2 O-O 14. Rd1 Qc7
15. Bf4 Nc6 16. Bc2 a6 17. Rac1 b5 18. Bb1 Ne5 19. Nd4 Rfe8 20. Nf5 Bf8 21. Bg5
Nfd7 22. Rc3 Re6 23. f4 Nc6 24. Ne3 Qa7 25. Nd5 Rae8 26. Qf2 Rxe4 27. Bxe4 Rxe4
28. Re3 Rxe3 29. Qxe3 c4 30. Qxa7 Nxa7 31. Ne7+ Bxe7 32. Bxe7 Nc8 33. Bxd6 f5
34. Bc7 Nf8 35. Rd8 Ne7 36. Bd6 Kf7 37. Ra8 Ne6 38. Ra7 Nd8 39. Rxe7+ 1-0

[Event "26.Off.Bayer.Senioren-EM 2014"]
[Site "Bergen"]
[Date "2014.06.21"]
[Round "1.28"]
[White "Moderegger, Ludwig"]
[Black "Klein, Reinhard"]
[Result "0-1"]
[WhiteElo "1528"]
[BlackElo "1803"]
[PlyCount "104"]
[EventDate "2014.??.??"]
[WhiteTeam "SF Bad Reichenhall"]
[BlackTeam "Münchener SC 1836 e.V."]

1. d4 Nf6 2. c4 e6 3. Nc3 Bb4 4. Bd2 O-O 5. Qc2 b6 6. e4 Bb7 7. Bd3 d6 8. Nge2
e5 9. d5 Nbd7 10. O-O-O a5 11. a3 Bxc3 12. Nxc3 Nc5 13. h3 a4 14. Kb1 Qd7 15.
g4 Nb3 16. Be3 Rfc8 17. Rhf1 c5 18. f4 Nd4 19. Qh2 Qe8 20. fxe5 dxe5 21. Bxd4
cxd4 22. Nb5 Qe7 23. Rf5 Nd7 24. Rdf1 Rf8 25. h4 Qc5 26. g5 Ba6 27. Rc1 Rfc8
28. Qf2 Qf8 29. Rf1 f6 30. gxf6 gxf6 31. Rg1+ Kh8 32. Rf3 Bxb5 33. cxb5 Qh6 34.
Rh1 Rc7 35. Rg3 Rac8 36. Rgg1 Nc5 37. Qe2 Nb3 38. Bc2 Nd2+ 39. Ka2 Rxc2 40. Rg2
Nb3 41. Qg4 Qg6 42. Qxc8+ Rxc8 43. Rxg6 hxg6 44. h5 gxh5 45. Rxh5+ Kg7 46. Rh1
d3 47. d6 Rd8 48. Rd1 Rxd6 49. Kb1 Rd4 50. Rg1+ Kf7 51. Rh1 Rxe4 52. Rh7+ Kg6
0-1

[Event "26.Off.Bayer.Senioren-EM 2014"]
[Site "Bergen"]
[Date "2014.06.21"]
[Round "1.29"]
[White "Zschorsch, Peter"]
[Black "Siegl, Wolfgang"]
[Result "1/2-1/2"]
[WhiteElo "1788"]
[BlackElo "1522"]
[PlyCount "78"]
[EventDate "2014.??.??"]
[WhiteTeam "Karlsruher SF 1853"]
[BlackTeam "SK 1926 Nördlingen-Ries"]

1. e4 g6 2. d4 d6 3. Nf3 Bg7 4. Bc4 Nf6 5. e5 dxe5 6. Nxe5 O-O 7. O-O Nbd7 8.
Nc3 c6 9. Be3 Qc7 10. Nxd7 Bxd7 11. f3 b5 12. Bb3 a5 13. a3 b4 14. Ne4 Nd5 15.
Bxd5 cxd5 16. Nc5 Bf5 17. g4 Bd7 18. axb4 axb4 19. Qd2 Bb5 20. Rfe1 Rxa1 21.
Rxa1 e5 22. c3 bxc3 23. bxc3 exd4 24. cxd4 Re8 25. Bh6 Re2 26. Ra8+ Re8 27.
Rxe8+ Bxe8 28. Bxg7 Kxg7 29. Qe3 Bb5 30. Qe5+ Qxe5 31. dxe5 g5 32. Kf2 h6 33.
Ke3 h5 34. e6 hxg4 35. fxg4 fxe6 36. Nxe6+ Kf6 37. Nc7 Bd7 38. Nxd5+ Ke5 39.
Nc3 Bxg4 1/2-1/2

[Event "26.Off.Bayer.Senioren-EM 2014"]
[Site "Bergen"]
[Date "2014.06.21"]
[Round "1.30"]
[White "Steffl, Herbert"]
[Black "Aigner, Georg"]
[Result "0-1"]
[WhiteElo "1512"]
[BlackElo "1786"]
[PlyCount "76"]
[EventDate "2014.??.??"]
[WhiteTeam "ASV J'Adoube Grassau SAB"]
[BlackTeam "TSV Dietfurt/Altm. e.V."]

1. Nf3 Nf6 2. d4 e6 3. c4 d5 4. Nc3 h6 5. g3 Bb4 6. Bd2 O-O 7. cxd5 exd5 8. Bg2
Re8 9. O-O Nbd7 10. Rc1 Nb6 11. a3 Bxc3 12. Bxc3 Ne4 13. e3 Bg4 14. b3 Ng5 15.
h4 Ne4 16. Qe1 Bd7 17. a4 Bf5 18. Bb4 Nd7 19. Nd2 Nef6 20. Qd1 Nf8 21. Ba3 Qd7
22. Re1 Bh3 23. Bf3 Qf5 24. Bh1 c6 25. Qf3 Qg6 26. Qd1 Re6 27. Qc2 Bf5 28. Qd1
Rae8 29. Bf3 N8d7 30. Kg2 Ng4 31. Bxg4 Bxg4 32. Qc2 Bf5 33. Qd1 Nf6 34. Rh1 Nh5
35. Rc3 Rxe3 36. Rxe3 Rxe3 37. Nf1 Rd3 38. Qe2 Be4+ 0-1

[Event "26.Off.Bayer.Senioren-EM 2014"]
[Site "Bergen"]
[Date "2014.06.21"]
[Round "1.31"]
[White "Kolkwitz, Klaus"]
[Black "Otto, Klaus"]
[Result "1/2-1/2"]
[WhiteElo "1784"]
[BlackElo "1499"]
[PlyCount "36"]
[EventDate "2014.??.??"]
[WhiteTeam "ESV 1949 Eberswalde e.V."]
[BlackTeam "Thüringer Schachverein Triebes"]

1. d4 Nf6 2. Nf3 d5 3. e3 e6 4. Bd3 c5 5. c3 Nc6 6. Nbd2 Be7 7. O-O O-O 8. dxc5
Bxc5 9. e4 dxe4 10. Nxe4 Nxe4 11. Bxe4 Qb6 12. Bxh7+ Kxh7 13. Ng5+ Kg6 14. h4
Rh8 15. Qg4 f5 16. Qg3 Kf6 17. Nh3 Kf7 18. Nf4 Ne7 1/2-1/2

[Event "26.Off.Bayer.Senioren-EM 2014"]
[Site "Bergen"]
[Date "2014.06.21"]
[Round "1.32"]
[White "Kunert, Helmut"]
[Black "Klueber, Werner"]
[Result "0-1"]
[WhiteElo "1491"]
[BlackElo "1769"]
[PlyCount "96"]
[EventDate "2014.??.??"]
[WhiteTeam "SF Bad Reichenhall"]
[BlackTeam "SC Prichsenstadt"]

1. e4 g6 2. Nf3 Bg7 3. Bc4 d6 4. d4 Nf6 5. Nc3 O-O 6. O-O c6 7. a4 Nbd7 8. Re1
e5 9. dxe5 Nxe5 10. Nxe5 dxe5 11. Bg5 Qc7 12. Bxf6 Bxf6 13. Qf3 Qe7 14. b3 Bg7
15. Rad1 Be6 16. Qe2 Rfd8 17. Rxd8+ Rxd8 18. Rd1 Rd4 19. Bxe6 Qxe6 20. Rd3 a6
21. h3 Qe7 22. Qf3 f5 23. exf5 e4 24. Nxe4 Rxe4 25. Rd8+ Qxd8 26. Qxe4 gxf5 27.
Qe6+ Kh8 28. Qxf5 Bf6 29. g4 Kg7 30. Kg2 h6 31. Qe4 Qd7 32. Kg3 Qd6+ 33. f4 Qd1
34. Kg2 Qd2+ 35. Kf3 Qc3+ 36. Ke2 Bh4 37. Qd3 Qxd3+ 38. cxd3 Kf6 39. Kf3 Ke6
40. Ke4 b6 41. d4 a5 42. Kd3 Kd5 43. f5 Bf6 44. Ke3 Bxd4+ 45. Kf4 Be5+ 46. Ke3
Bf6 47. Kf4 b5 48. axb5 cxb5 0-1

[Event "26.Off.Bayer.Senioren-EM 2014"]
[Site "Bergen"]
[Date "2014.06.21"]
[Round "1.33"]
[White "Reimann, Guenther"]
[Black "Peiberg, Ehrhard"]
[Result "1/2-1/2"]
[WhiteElo "1768"]
[BlackElo "1483"]
[PlyCount "50"]
[EventDate "2014.??.??"]
[WhiteTeam "SC Magstadt"]
[BlackTeam "SC Erlangen 48/88"]

1. c4 e6 2. d3 Nf6 3. Nf3 d5 4. Nbd2 Bd6 5. g3 O-O 6. Bg2 c6 7. O-O Nbd7 8. Re1
Qb6 9. Qc2 Ne5 10. Nxe5 Bxe5 11. Nf3 Bd6 12. b3 e5 13. Bg5 Ng4 14. e4 h6 15.
Be3 Nxe3 16. Rxe3 d4 17. Re2 Bg4 18. h3 Be6 19. Rf1 c5 20. Qd1 Qc7 21. Qe1 Rae8
22. g4 g5 23. Nh2 Qd7 24. f3 Be7 25. Kh1 Kg7 1/2-1/2

[Event "26.Off.Bayer.Senioren-EM 2014"]
[Site "Bergen"]
[Date "2014.06.21"]
[Round "1.34"]
[White "Sandner, Josef"]
[Black "Hansch, Klaus-Michael"]
[Result "0-1"]
[WhiteElo "1461"]
[BlackElo "1766"]
[PlyCount "56"]
[EventDate "2014.??.??"]
[WhiteTeam "SG Traunstein/Traunreut e.V."]
[BlackTeam "SC Weisse Dame e.V."]

1. d4 Nf6 2. e3 d5 3. f4 Bf5 4. Nf3 e6 5. Bd3 Bxd3 6. Qxd3 Nbd7 7. Nbd2 c5 8.
c3 cxd4 9. exd4 Bd6 10. Ne5 O-O 11. Qf3 b5 12. g4 b4 13. g5 Ne8 14. h4 f6 15.
gxf6 Ndxf6 16. Qh3 Qc8 17. h5 bxc3 18. bxc3 Bxe5 19. fxe5 Ne4 20. Nxe4 dxe4 21.
Rf1 Rxf1+ 22. Kxf1 Qa6+ 23. Kf2 Nc7 24. Ke1 Rf8 25. Qg2 Qd3 26. Bd2 e3 27. h6
exd2+ 28. Qxd2 Qf1# 0-1

[Event "26.Off.Bayer.Senioren-EM 2014"]
[Site "Bergen"]
[Date "2014.06.21"]
[Round "1.35"]
[White "Braeu, Ludwig"]
[Black "Jehn, Detlef"]
[Result "1-0"]
[WhiteElo "1759"]
[BlackElo "1449"]
[PlyCount "83"]
[EventDate "2014.??.??"]
[WhiteTeam "SK Marktoberdorf"]
[BlackTeam "SF Bad Reichenhall"]

1. c4 e6 2. g3 Nf6 3. Bg2 Bc5 4. Nf3 c6 5. O-O O-O 6. d4 Be7 7. Nc3 d5 8. b3
Nbd7 9. Bb2 h6 10. Re1 Nh7 11. e4 dxe4 12. Rxe4 Ng5 13. Nxg5 Bxg5 14. h4 Be7
15. Qd2 Nf6 16. Re2 Qc7 17. Rd1 b6 18. d5 cxd5 19. cxd5 exd5 20. Nxd5 Nxd5 21.
Bxd5 Bb7 22. Be5 Qc8 23. Bxg7 Bg5 24. hxg5 Bxd5 25. Qxd5 Kxg7 26. gxh6+ Kxh6
27. Kg2 Qc5 28. Rh1+ Kg7 29. Qxc5 bxc5 30. Rc1 Rfe8 31. Rxe8 Rxe8 32. Rxc5 Re6
33. b4 Kf6 34. b5 Re4 35. Rc6+ Re6 36. Kf3 Ke5 37. Rxe6+ Kxe6 38. Ke4 Kd6 39.
Kd4 f6 40. g4 Ke6 41. f4 Kd6 42. a4 1-0

[Event "26.Off.Bayer.Senioren-EM 2014"]
[Site "Bergen"]
[Date "2014.06.21"]
[Round "1.36"]
[White "Nieswandt, Joseph"]
[Black "Leuschner, Guenter"]
[Result "0-1"]
[WhiteElo "1443"]
[BlackElo "1755"]
[PlyCount "40"]
[EventDate "2014.??.??"]
[WhiteTeam "SC Wangen"]
[BlackTeam "SK Nürnberg 1911 e.V."]

1. e4 d6 2. Bc4 e5 3. d3 Nf6 4. Bg5 Be7 5. Nc3 c6 6. h3 O-O 7. Qd2 a5 8. a4
Nbd7 9. f4 exf4 10. Bxf4 Ne5 11. Bb3 Nh5 12. O-O-O Nxf4 13. Kb1 Ne6 14. g4 Nd4
15. Rf1 Nxb3 16. cxb3 Be6 17. Kc2 Qb6 18. d4 Qxb3+ 19. Kb1 Nc4 20. Qc2 Na3+ 0-1

[Event "26.Off.Bayer.Senioren-EM 2014"]
[Site "Bergen"]
[Date "2014.06.21"]
[Round "1.37"]
[White "Perzl, Michael"]
[Black "Huetter, Heinz"]
[Result "1/2-1/2"]
[WhiteElo "1754"]
[BlackElo "1438"]
[PlyCount "126"]
[EventDate "2014.??.??"]
[WhiteTeam "TSV Trostberg"]
[BlackTeam "SC Eichenau"]

1. d4 g6 2. e4 c6 3. c4 Bg7 4. Nc3 d6 5. Be3 a6 6. Qd2 Nf6 7. h3 O-O 8. Rd1 Qc7
9. Nf3 Nbd7 10. Bd3 Ne8 11. Bh6 f6 12. O-O e5 13. Bxg7 Nxg7 14. d5 c5 15. Nh4
Rf7 16. g4 Nf8 17. Kh2 g5 18. Nf5 Nxf5 19. exf5 h6 20. Ne4 Nh7 21. h4 Bd7 22.
Rh1 Kg7 23. Kg3 Rh8 24. Rh2 gxh4+ 25. Rxh4 Ng5 26. Rdh1 Rff8 27. f3 Bc8 28. Nf2
Qe7 29. Be4 Rfg8 30. Qc1 b6 31. Qg1 Rh7 32. R1h2 Rgh8 33. Qh1 Bd7 34. Nh3 Nxe4+
35. fxe4 Kf8 36. Nf2 Qg7 37. Qc1 Be8 38. Qe3 b5 39. cxb5 Bxb5 40. Qc1 Kg8 41.
Rh5 Be8 42. R5h4 Qg5 43. Qxg5+ hxg5 44. Rxh7 Rxh7 45. Rxh7 Kxh7 46. Kf3 Bb5 47.
Ke3 Bf1 48. Kd2 Kg7 49. Kc3 Kf7 50. b4 cxb4+ 51. Kxb4 Ke7 52. Ka5 Kd7 53. Kb6
Bc4 54. a3 Be2 55. a4 Bc4 56. Ka5 Kc7 57. Kb4 Be2 58. a5 Bf1 59. Kc3 Be2 60.
Kd2 Bb5 61. Nd1 Bf1 62. Ke3 Kd7 63. Nc3 Kc7 1/2-1/2

[Event "26.Off.Bayer.Senioren-EM 2014"]
[Site "Bergen"]
[Date "2014.06.21"]
[Round "1.38"]
[White "Wilfert, Eva-Maria"]
[Black "Kaufmann, Helmut"]
[Result "0-1"]
[WhiteElo "1414"]
[BlackElo "1742"]
[PlyCount "110"]
[EventDate "2014.??.??"]
[WhiteTeam "PTSV SK Hof 1892"]
[BlackTeam "SK Eutingen"]

1. d4 g6 2. c4 Bg7 3. Nc3 d6 4. e4 Nc6 5. Be3 e5 6. d5 Nce7 7. Nf3 h6 8. Bd3 f5
9. Qb3 Nf6 10. h3 O-O 11. O-O-O b6 12. Kb1 Bd7 13. Nh2 f4 14. Bd2 a6 15. Rde1
Kh7 16. Qd1 h5 17. Nf3 Bh6 18. g3 fxg3 19. fxg3 Neg8 20. Ref1 Qc8 21. Bxh6 Nxh6
22. Ng5+ Kg7 23. Be2 Nf7 24. Rxf6 Nxg5 25. Rxf8 Qxf8 26. Rf1 Qe7 27. h4 Nf7 28.
Rf2 Nh6 29. Qd2 Rf8 30. Rxf8 Qxf8 31. Qg5 Qf6 32. Qxf6+ Kxf6 33. Kc2 Bg4 34.
Kd2 g5 35. Nd1 Kg6 36. Ne3 a5 37. Bxg4 hxg4 38. Ke2 gxh4 39. gxh4 Kh5 40. Ng2
Ng8 41. b3 Ne7 42. Kf2 Ng6 43. Kg3 Nf4 44. Ne3 Ne2+ 45. Kf2 Nc1 46. Nf5 Nxa2
47. Kg3 Nc3 48. Ng7+ Kg6 49. Ne8 Nxe4+ 50. Kxg4 Nd2 51. Nxc7 Nxb3 52. Nb5 a4
53. h5+ Kh6 54. Kf5 Nd4+ 55. Nxd4 exd4 0-1

[Event "26.Off.Bayer.Senioren-EM 2014"]
[Site "Bergen"]
[Date "2014.06.21"]
[Round "1.39"]
[White "Wolf, Reinhard"]
[Black "Rudek, Gerald"]
[Result "1-0"]
[WhiteElo "1731"]
[BlackElo "1394"]
[PlyCount "79"]
[EventDate "2014.??.??"]
[WhiteTeam "SV Königsspringer 1929 Großauhei"]
[BlackTeam "SC Feuchtwangen 1911 e.V."]

1. e4 Nf6 2. e5 Nd5 3. d4 d6 4. c4 Nb6 5. exd6 exd6 6. Bd3 g6 7. Be3 Bg7 8. Nc3
O-O 9. Nf3 Nc6 10. h3 Ne7 11. O-O Bf5 12. Qd2 Qd7 13. Kh2 Bxd3 14. Qxd3 Qf5 15.
Qxf5 Nxf5 16. b3 c6 17. Rae1 Rfe8 18. Nd1 d5 19. g4 Nxe3 20. Nxe3 h6 21. cxd5
Nxd5 22. Nxd5 cxd5 23. Ne5 Re6 24. f4 f5 25. Rc1 fxg4 26. hxg4 g5 27. fxg5
Bxe5+ 28. dxe5 hxg5 29. Rf5 Rae8 30. Rxg5+ Kh7 31. Rc7+ R8e7 32. Rxe7+ Rxe7 33.
Kg3 Kh6 34. Kf4 d4 35. Rh5+ Kg6 36. Ke4 Rd7 37. Kd3 a6 38. Rf5 b5 39. Rf6+ Kg7
40. Rxa6 1-0

[Event "26.Off.Bayer.Senioren-EM 2014"]
[Site "Bergen"]
[Date "2014.06.21"]
[Round "1.40"]
[White "Borkenhagen, Bernd"]
[Black "Worschech, Roland"]
[Result "0-1"]
[WhiteElo "1391"]
[BlackElo "1730"]
[PlyCount "120"]
[EventDate "2014.??.??"]
[WhiteTeam "SK Rinteln"]
[BlackTeam "SK 1907 Kulmbach"]

1. d4 g6 2. e3 Bg7 3. c3 d6 4. Nf3 Nd7 5. Be2 e5 6. dxe5 Nxe5 7. Nxe5 Bxe5 8.
Nd2 Ne7 9. Nf3 Bg7 10. h3 O-O 11. O-O b6 12. Qc2 Bb7 13. Ne1 Qd7 14. Bf3 c6 15.
b3 d5 16. Bb2 Rad8 17. Rd1 Qc7 18. Rd2 Nf5 19. c4 dxc4 20. Rxd8 Rxd8 21. bxc4
Bxb2 22. Qxb2 Ba6 23. Be2 c5 24. Nf3 Qe7 25. Qc2 Rd6 26. Rd1 Qe6 27. Rxd6 Nxd6
28. Nd2 Bb7 29. Bf1 Bc6 30. Kh2 Qd7 31. e4 f6 32. f3 Nf7 33. Qd3 Qe6 34. Qc3
Ne5 35. a3 a6 36. Nb3 Kf7 37. Nd2 Bd7 38. Qe3 Nc6 39. f4 Nd4 40. Qc3 Qd6 41. g3
b5 42. cxb5 axb5 43. Kg2 Bc6 44. Kf2 c4 45. Bg2 Qc5 46. Kf1 Qd6 47. Kf2 Ne6 48.
e5 Qc5+ 49. Kf1 Bxg2+ 50. Kxg2 Qd4 51. Qxd4 Nxd4 52. exf6 Nc2 53. Nb1 Kxf6 54.
g4 Ke6 55. Nc3 Nxa3 56. Kf3 b4 57. Ne2 b3 58. Ke4 Nb5 59. Ke3 b2 60. f5+ gxf5
0-1

[Event "26.Off.Bayer.Senioren-EM 2014"]
[Site "Bergen"]
[Date "2014.06.21"]
[Round "1.41"]
[White "Jagdhuber, Hans"]
[Black "Kunte, Herbert"]
[Result "1-0"]
[WhiteElo "1876"]
[BlackElo "1603"]
[PlyCount "57"]
[EventDate "2014.??.??"]
[WhiteTeam "SK Keres-Augsburg 1980"]
[BlackTeam "SK Siemens München"]

1. Nf3 d5 2. g3 Nf6 3. Bg2 g6 4. c4 c6 5. b3 Bg7 6. Bb2 O-O 7. O-O Nbd7 8. Qc2
Re8 9. d3 e5 10. Nc3 d4 11. Nb1 c5 12. Na3 a6 13. Rfe1 Nb8 14. e3 Nc6 15. exd4
exd4 16. Rxe8+ Qxe8 17. Qd2 Qd8 18. Nc2 Qd6 19. Ba3 Ng4 20. Re1 Be6 21. h3 Nh6
22. Ng5 b6 23. Nxe6 fxe6 24. Rxe6 Qxe6 25. Bd5 Qxd5 26. cxd5 Ne5 27. Qe2 Nf5
28. Kg2 Nd6 29. Nxd4 1-0

[Event "26.Off.Bayer.Senioren-EM 2014"]
[Site "Bergen"]
[Date "2014.06.21"]
[Round "1.42"]
[White "Neumeister, Herbert"]
[Black "Ewald, Frithjof"]
[Result "1/2-1/2"]
[WhiteElo "1716"]
[BlackElo "1355"]
[PlyCount "76"]
[EventDate "2014.??.??"]
[WhiteTeam "Schachvereinigung Düren 13 Deric"]
[BlackTeam "SF Bad Reichenhall"]

1. Nf3 d5 2. g3 Nf6 3. d3 Bg4 4. Bg2 Nbd7 5. h3 Bh5 6. g4 Bg6 7. Bf4 e6 8. Nbd2
c5 9. c3 b5 10. Nh4 Qb6 11. Nxg6 fxg6 12. Qb3 Rd8 13. O-O a6 14. a4 c4 15. dxc4
dxc4 16. Qc2 Bd6 17. Be3 Bc5 18. Bg5 O-O 19. e3 Rf7 20. Ne4 Be7 21. Bh4 Rdf8
22. Ng5 Nd5 23. a5 Qc6 24. Qe4 Bxg5 25. Bxg5 Nc5 26. Qc2 Qd6 27. Bh4 Nf6 28.
Rad1 Nd3 29. b3 e5 30. bxc4 bxc4 31. Rb1 Qc5 32. Qa2 Nd5 33. Bxd5 Qxd5 34. Bg3
Qc5 35. Rb6 Rf6 36. Rxf6 gxf6 37. Rb1 Qd5 38. Rb6 Nc5 1/2-1/2

[Event "26.Off.Bayer.Senioren-EM 2014"]
[Site "Bergen"]
[Date "2014.06.21"]
[Round "1.43"]
[White "Hartlaub, Marianne"]
[Black "Abel, Hans-Peter"]
[Result "0-1"]
[WhiteElo "1348"]
[BlackElo "1715"]
[PlyCount "66"]
[EventDate "2014.??.??"]
[WhiteTeam "SK 1982 Klingenberg e.V."]
[BlackTeam "SC Leinfelden"]

1. Nf3 c5 2. c4 Nf6 3. Nc3 Nc6 4. g3 g6 5. Bg2 Bg7 6. O-O O-O 7. e3 d5 8. cxd5
Nxd5 9. h3 Rb8 10. d4 cxd4 11. Nxd5 Qxd5 12. Ne1 Qd6 13. exd4 Bxd4 14. Nc2 Rd8
15. Qe2 Bg7 16. Ne3 Nd4 17. Qd1 b5 18. a4 Bb7 19. axb5 Bxg2 20. Kxg2 Nxb5 21.
Qa4 Qb6 22. Qe4 Qb7 23. Qxb7 Rxb7 24. Nc4 e5 25. Be3 Rdb8 26. Ra4 Nd4 27. Rb1
f6 28. b4 Bf8 29. Bd2 Nb5 30. Be3 Nc3 31. Raa1 Nxb1 32. Rxb1 Rxb4 33. Rxb4 Bxb4
0-1

[Event "26.Off.Bayer.Senioren-EM 2014"]
[Site "Bergen"]
[Date "2014.06.21"]
[Round "1.44"]
[White "Zehfuss, Helmut"]
[Black "Neiss, Albrecht"]
[Result "1-0"]
[WhiteElo "1710"]
[BlackElo "1342"]
[PlyCount "77"]
[EventDate "2014.??.??"]
[WhiteTeam "SG Traunstein/Traunreut e.V."]
[BlackTeam "SC Kirchseeon e.V."]

1. e4 c5 2. Nf3 Nc6 3. Bc4 e6 4. Nc3 Nge7 5. d4 d5 6. exd5 exd5 7. Be2 Be6 8.
Bg5 f6 9. Bf4 Nf5 10. dxc5 Bxc5 11. O-O O-O 12. a3 d4 13. Ne4 Bb6 14. Bd3 Rc8
15. Re1 Bf7 16. h3 Bc7 17. Bxc7 Qxc7 18. Nc5 Nfe7 19. Ne6 Bxe6 20. Rxe6 Rcd8
21. Qe2 Ne5 22. Nxe5 fxe5 23. Qxe5 Qxe5 24. Rxe5 Nc6 25. Re4 Rde8 26. Rae1 Rxe4
27. Rxe4 g6 28. f4 Kg7 29. g4 a6 30. Kg2 Rd8 31. Kf3 b5 32. Re6 Nb8 33. Re7+
Kh8 34. h4 Rf8 35. Be4 a5 36. g5 Na6 37. h5 Nc5 38. hxg6 Nxe4 39. g7+ 1-0

[Event "26.Off.Bayer.Senioren-EM 2014"]
[Site "Bergen"]
[Date "2014.06.21"]
[Round "1.45"]
[White "Steckel, Werner"]
[Black "Reichwald, Klaus"]
[Result "0-1"]
[WhiteElo "1338"]
[BlackElo "1707"]
[PlyCount "84"]
[EventDate "2014.??.??"]
[WhiteTeam "SG Siemens Amberg"]
[BlackTeam "SC Lohhof 1950 e.V."]

1. d4 Nf6 2. c4 g6 3. Nc3 Bg7 4. e4 d6 5. Nge2 O-O 6. Ng3 Nbd7 7. Be2 e5 8. d5
a6 9. Be3 Rb8 10. O-O b6 11. Qc2 Nc5 12. b4 Ncd7 13. a4 Re8 14. Qd2 Qe7 15.
Rfc1 Qf8 16. f3 h5 17. Bg5 Nh7 18. f4 exf4 19. Bxf4 Ne5 20. Rab1 Qe7 21. Rf1 h4
22. Nh1 g5 23. Be3 Ng6 24. Bd4 Ne5 25. Nf2 Bd7 26. Bxe5 Qxe5 27. Ncd1 Bxa4 28.
Nb2 Bd7 29. Rfe1 Qd4 30. Qxd4 Bxd4 31. Bd3 Nf6 32. Kf1 g4 33. Re2 g3 34. hxg3
hxg3 35. Nh1 Bg4 36. Ree1 Nh5 37. Nd1 f5 38. Ne3 fxe4 39. Nxg4 exd3 40. Rxe8+
Rxe8 41. Rd1 Rf8+ 42. Ke1 Bc3+ 0-1

[Event "26.Off.Bayer.Senioren-EM 2014"]
[Site "Bergen"]
[Date "2014.06.21"]
[Round "1.46"]
[White "Boldt, Heinrich"]
[Black "Braeu, Emmi"]
[Result "1-0"]
[WhiteElo "1701"]
[BlackElo "1331"]
[PlyCount "95"]
[EventDate "2014.??.??"]
[WhiteTeam "TSV Kareth-Lappersdorf"]
[BlackTeam "SK Marktoberdorf"]

1. d4 e6 2. Nf3 Nf6 3. Bg5 Be7 4. Nbd2 O-O 5. e4 h6 6. Bh4 d5 7. e5 Nfd7 8. Bg3
c5 9. c3 Nc6 10. Be2 cxd4 11. cxd4 Qb6 12. Nb3 Bb4+ 13. Kf1 f6 14. a3 Be7 15.
Rc1 fxe5 16. dxe5 Nc5 17. Nxc5 Bxc5 18. b4 Be7 19. Qd3 Bd7 20. h4 Rac8 21. Rd1
Rf5 22. b5 Na5 23. Nd4 Rff8 24. Qg6 Bc5 25. Bd3 Bxd4 26. Qh7+ Kf7 27. Bg6+ Ke7
28. Qxg7+ Kd8 29. Qxf8+ Kc7 30. Qd6+ Qxd6 31. exd6+ Kb6 32. a4 Rc4 33. Rb1 Rxa4
34. Ke2 e5 35. Rhc1 Bxb5+ 36. Rxb5+ Kxb5 37. d7 Bb6 38. Bd3+ Nc4 39. Bxe5 Ra2+
40. Kf3 Rxf2+ 41. Kg3 Rd2 42. Bxc4+ dxc4 43. Rb1+ Kc6 44. Rc1 Kxd7 45. Rxc4 h5
46. Kf3 Ke7 47. Bc3 Ke6 48. Bxd2 1-0

[Event "26.Off.Bayer.Senioren-EM 2014"]
[Site "Bergen"]
[Date "2014.06.21"]
[Round "1.47"]
[White "Malik, Rosemarie"]
[Black "Koenigl, Anton"]
[Result "0-1"]
[WhiteElo "1327"]
[BlackElo "1696"]
[PlyCount "60"]
[EventDate "2014.??.??"]
[WhiteTeam "SK Großweil"]
[BlackTeam "FC Ergolding 1932 e.V."]

1. e4 c5 2. Nf3 e6 3. d4 cxd4 4. Nxd4 a6 5. Be3 Nf6 6. Bd3 Qc7 7. Nf3 b5 8. O-O
Bb7 9. Nbd2 Bd6 10. h3 Nc6 11. Rc1 O-O 12. a3 Ne5 13. Bd4 Rac8 14. Bxe5 Bxe5
15. Nxe5 Qxe5 16. c3 d5 17. Nf3 Qh5 18. exd5 Qxd5 19. Be2 Qc6 20. Qd4 Rfd8 21.
Qe5 Rd2 22. Rfe1 Rd5 23. Qh2 Rdd8 24. Bf1 Qb6 25. Rcd1 Ne4 26. Rxd8+ Rxd8 27.
Re2 Bd5 28. Rc2 Bb3 29. Re2 Bc4 30. Rc2 Rd1 0-1

[Event "26.Off.Bayer.Senioren-EM 2014"]
[Site "Bergen"]
[Date "2014.06.21"]
[Round "1.48"]
[White "Schoenfelder, Heinrich"]
[Black "Jurgan, Brigitte"]
[Result "1-0"]
[WhiteElo "1692"]
[BlackElo "1225"]
[PlyCount "65"]
[EventDate "2014.??.??"]
[WhiteTeam "SC Tarrasch 45 München"]
[BlackTeam "SF Bad Reichenhall"]

1. d4 d5 2. c4 c6 3. e3 Nf6 4. Nc3 g6 5. Bd3 Bg7 6. Nf3 Bg4 7. h3 Bxf3 8. Qxf3
O-O 9. O-O Nbd7 10. cxd5 cxd5 11. Nxd5 Nxd5 12. Qxd5 Rb8 13. Qb3 e6 14. Bd2 a5
15. a4 b6 16. Rfd1 Nf6 17. Rac1 Nd5 18. e4 Ne7 19. Bf4 Rc8 20. Rxc8 Nxc8 21. d5
e5 22. Be3 Kh8 23. Ba6 f5 24. exf5 gxf5 25. Bxc8 Qxc8 26. Qxb6 Qd8 27. Qxd8
Rxd8 28. Bg5 Rc8 29. d6 h6 30. d7 Rf8 31. Be7 Rg8 32. d8=Q f4 33. Qxa5 1-0

[Event "26.Off.Bayer.Senioren-EM 2014"]
[Site "Bergen"]
[Date "2014.06.21"]
[Round "1.49"]
[White "Walther, Renate"]
[Black "Babichev, Vyacheslav"]
[Result "0-1"]
[WhiteElo "818"]
[BlackElo "1689"]
[PlyCount "44"]
[EventDate "2014.??.??"]
[WhiteTeam "SK 1911 Herzogenaurach e.V."]
[BlackTeam "SW Nürnberg Süd e.V."]

1. e4 d6 2. d4 Nf6 3. Nc3 g6 4. Bc4 Nxe4 5. Nxe4 d5 6. Bd3 dxe4 7. Bxe4 Bg7 8.
Be3 O-O 9. Ne2 c6 10. O-O Nd7 11. c3 Nf6 12. Bf3 Nd5 13. Rc1 Nxe3 14. fxe3 Bh6
15. Nf4 Qa5 16. a3 Rd8 17. Re1 e5 18. Qd3 exf4 19. e4 Be6 20. c4 Bg7 21. e5
Bxe5 22. Rxe5 Qxe5 0-1

[Event "26.Off.Bayer.Senioren-EM 2014"]
[Site "Bergen"]
[Date "2014.06.22"]
[Round "2.1"]
[White "Roeder, Frank"]
[Black "Willin, Bernhard"]
[Result "1-0"]
[WhiteElo "2184"]
[BlackElo "1807"]
[PlyCount "37"]
[EventDate "2014.??.??"]
[WhiteTeam "SV Altensittenbach"]
[BlackTeam "SC Horben"]

1. e4 e6 2. d4 c5 3. d5 e5 4. Nc3 d6 5. f4 Nd7 6. Nf3 a6 7. a4 Qe7 8. Bd3 g6 9.
fxe5 Nxe5 10. Nxe5 Qxe5 11. O-O Bh6 12. Qf3 Qe7 13. e5 dxe5 14. d6 Qf8 15. Nd5
Rb8 16. Bxh6 Nxh6 17. Nf6+ Kd8 18. Qd5 Nf5 19. d7 1-0

[Event "26.Off.Bayer.Senioren-EM 2014"]
[Site "Bergen"]
[Date "2014.06.22"]
[Round "2.2"]
[White "Klein, Reinhard"]
[Black "Schmidt, Gerhard"]
[Result "0-1"]
[WhiteElo "1803"]
[BlackElo "2152"]
[PlyCount "80"]
[EventDate "2014.??.??"]
[WhiteTeam "Münchener SC 1836 e.V."]
[BlackTeam "Schachclub Unterhaching e.V."]

1. d4 Nf6 2. Bf4 e6 3. e3 d5 4. Nf3 Be7 5. c4 c5 6. Nc3 O-O 7. dxc5 Bxc5 8.
cxd5 Nxd5 9. Nxd5 exd5 10. Bd3 Bb4+ 11. Kf1 Nc6 12. Rc1 Bg4 13. Qc2 h6 14. h3
Be6 15. Qa4 Bd6 16. g4 Nb4 17. Bb1 Bxf4 18. exf4 Qd6 19. Ne5 f6 20. Ng6 Rfd8
21. a3 Nc6 22. Qc2 d4 23. Qd3 Rac8 24. Kg2 Re8 25. Rhe1 Bd5+ 26. Kg1 Bf7 27.
Nh4 Rxe1+ 28. Rxe1 Re8 29. Rxe8+ Bxe8 30. Qh7+ Kf8 31. Ba2 Ne7 32. Qe4 d3 33.
Bb3 d2 34. Bd1 Bc6 35. Ng6+ Nxg6 36. Qxg6 Qe7 37. Kh2 Qe1 38. Kg3 Qg1+ 39. Kh4
Qxf2+ 40. Kh5 Be8 0-1